书目信息 |
| 题名: |
专家证据制度比较研究
|
|
| 作者: | 季美君 著 | |
| 分册: | ||
| 出版信息: | 北京 北京大学出版社 2008.08 |
|
| 页数: | 13, 299页 | |
| 开本: | 23cm | |
| 丛书名: | 刑事程序法论丛 | |
| 单 册: | ||
| 中图分类: | D915.130.4 | |
| 科图分类: | ||
| 主题词: | 证据--zheng ju--司法制度--对比研究--世界 | |
| 电子资源: | ||
| ISBN: | 978-7-301-13922-6 | |
| 000 | 01049nam 2200277 450 | |
| 001 | 012009618059 | |
| 005 | 20090623134818.79 | |
| 010 | @a978-7-301-13922-6@dCNY39.00 | |
| 100 | @a20090623d2008 em y0chiy0120 ea | |
| 101 | 0 | @achi |
| 102 | @aCN@b110000 | |
| 105 | @ay a 000yy | |
| 106 | @ar | |
| 200 | 1 | @a专家证据制度比较研究@Azhuan jia zheng ju zhi du bi jiao yan jiu@d= Comparative study on the system of evidence@f季美君著@Fji mei jun zhu@zeng |
| 210 | @a北京@c北京大学出版社@d2008.08 | |
| 215 | @a13, 299页@d23cm | |
| 225 | 2 | @a刑事程序法论丛@Axing shi cheng xu fa lun cong |
| 320 | @a有书目 (第283-296页) | |
| 330 | @a本书重点研究了专家证据可采性规则及DNA证据问题,全面比较分析了大陆法系国家的鉴定制度与英美法系国家的专家证据制度。 | |
| 410 | 0 | @12001 @a刑事程序法论丛 |
| 510 | 1 | @aComparative study on the system of evidence@zeng |
| 606 | 0 | @a证据@Azheng ju@x司法制度@x对比研究@y世界 |
| 690 | @aD915.130.4@v4 | |
| 701 | 0 | @a季美君@Aji mei jun@4著 |
| 801 | 0 | @aCN@bQSSK@c20090623 |
| 905 | @b748451-53@dD915.130.4@eJ175@f3 | |
| 专家证据制度比较研究= Comparative study on the system of evidence/季美君著.-北京:北京大学出版社,2008.08 |
| 13, 299页;23cm.-(刑事程序法论丛) |
| ISBN 978-7-301-13922-6:CNY39.00 |
| 本书重点研究了专家证据可采性规则及DNA证据问题,全面比较分析了大陆法系国家的鉴定制度与英美法系国家的专家证据制度。 |
| ● |
| 相关链接 |
|
|
|
正题名:专家证据制度比较研究
索取号:D915.130.4/J175
 
预约/预借
| 序号 | 登录号 | 条形码 | 馆藏地/架位号 | 状态 | 备注 |
| 1 | 748451 | 207484514 | 社科库509/509社科库 82排3列3层/ [索取号:D915.130.4/J175] | 在馆 | |
| 2 | 748452 | 207484523 | 社科库509/422社科库 31排1列5层/ [索取号:D915.130.4/J175] | 在馆 | |
| 3 | 748453 | 207484532 | 社科库509/509社科库 82排3列3层/ [索取号:D915.130.4/J175] | 在馆 |